书目信息 |
| 题名: |
汽车问题解答
|
|
| 作者: | ||
| 分册: | 第二辑 底盘 | |
| 出版信息: | 北京 人民交通出版社 1981.9 |
|
| 页数: | 391页 | |
| 开本: | 20cm | |
| 丛书名: | ||
| 单 册: | ||
| 中图分类: | U463.1 | |
| 科图分类: | ||
| 主题词: | 汽车工程 | |
| 电子资源: | ||
| ISBN: | ||
| 000 | 00559nam0 2200217 45 | |
| 001 | 0312221749 | |
| 005 | 20060726085447.00 | |
| 010 | @dCNY1.40 | |
| 091 | @a15044.4627 | |
| 100 | @a20031222d1981 km y0chiy0120 ea | |
| 101 | @achi | |
| 105 | @a z 000yy | |
| 200 | 1 | @a汽车问题解答@h第二辑@Aqi che wen ti jie da@EDi Pan@i底盘 |
| 205 | @a第2版 | |
| 210 | @a北京@c人民交通出版社@d1981.9 | |
| 215 | @a391页@d20cm | |
| 517 | 1 | @a底盘@Adi pan |
| 606 | 0 | @a汽车工程 |
| 690 | @aU463.1@v3 | |
| 801 | @aCN@bTSTCL@c20060726 | |
| 905 | @dU463.1@e1:1=2@f1@b230427 | |
| 汽车问题解答.第二辑.底盘.-第2版.-北京:人民交通出版社,1981.9 |
| 391页;20cm |
| ISBN :CNY1.40 |
| ● |
| 相关链接 |
|
|
|
|
正题名:汽车问题解答
索取号:U463.1/1:1=2
 
预约/预借
| 序号 | 登录号 | 条形码 | 馆藏地/架位号 | 状态 | 备注 |
| 1 | 0230427 | 001483674 | 第三借阅区/ [索取号:U463.1/1:1=2] | 在馆 |